000 00575nam a2200241Ia 4500
005 20260306150817.0
008 008 260114s9999 xx 000 0 eng d
020 _a9783111446783
037 _aEbook
040 _aCRL
040 _beng
040 _cCRL
041 _2eng
041 _aeng
084 _qCRL
245 4 _aThe Atharvaveda
260 _bDe Gruyter
260 _c1899
650 _aClassical and Ancient Near Eastern Studies
_91123889
856 _uhttps://www.degruyter.com/isbn/9783111446783
942 _cEBOOK
999 _c1699817
_d1699817